Geometría plana y del espacio: con una introducción a la trigonometría

Kaydedildi:
Detaylı Bibliyografya
Yazar: Baldor, Aurelio (Yazar)
Materyal Türü: Kitap
Dil:İspanyolca
Baskı/Yayın Bilgisi: Madrid Codice 1981
Konular:
Etiketler: Etiketle
Etiket eklenmemiş, İlk siz ekleyin!

MARC

LEADER 00000nam a2200000 a 4500
001 UCO8847
003 CL-VaPUC
008 010105e19810000SP |||||||||||||||||spa|d
082 0 4 |a 516.22  |b BAL  |2 21 
100 0 |a Baldor, Aurelio  |e author  |9 453735 
245 1 0 |a Geometría plana y del espacio: con una introducción a la trigonometría 
300 |a 423 p 
942 |c BK 
945 |d 20010105 00:00:00  |a lriquelm 
260 |a Madrid  |b Codice  |c 1981 
500 |a Contiene: Tablas matemáticas, repaso de álgebra y ejercicios adicionales 
650 0 |a Geometría plana  |9 265855 
650 0 |a Trigonometría   |9 259568 
650 7 |a GEOMETRIA DEL ESPACIO  |2 CL-VaPUC  |9 265986 
650 0 |a Matemáticas  |x Enseñanza  |9 875527 
650 0 |a Logaritmos  |9 260266 
650 0 |a Funciones   |9 263869 
650 0 |a Ángulos  |9 342215 
583 |a last modification  |c 20010105 00:00:00  |k Rodrigo Vera 
999 |c 293274  |d 293272 
952 |0 0  |1 0  |4 0  |6 516_220000000000000_BAL_1981  |7 0  |8 P  |9 344728  |a BIBARQ  |b BIBARQ  |d 2019-11-20  |i 1233068  |l 2  |o 516.22 BAL 1981  |p 1233068  |r 2025-01-20  |s 2024-04-08  |w 2019-11-20  |y BK  |k ARQ